[Event "PARDUBICE OPEN  2007 "]
[Site "CEZ arena,  Pardubice  (CZE)"]
[Date "2007.07.22"]
[Round "3"]
[White "Vedrickas, Tautvydas"]
[Black "Zaitsev, Mikhail"]
[Result "0-1"]
[WhiteElo "2235"]
[BlackElo "2422"]
[PlyCount "72"]
[EventDate "2007.07.20"]

1. d4 d5 2. c4 e6 3. Nc3 c6 4. Nf3 dxc4 5. a4 Bb4 6. e3 b5 7. Be2 a6 8. Ne5 Nf6
9. O-O Bb7 10. Bf3 Qb6 11. Bd2 Bd6 12. b3 cxb3 13. Qxb3 Bxe5 14. dxe5 Nfd7 15.
axb5 Nxe5 16. Na4 Nxf3+ 17. gxf3 Qxb5 18. Rfb1 Nd7 19. Qa3 Qg5+ 20. Kf1 Ra7 21.
h4 Qd5 22. Rd1 Qxf3 23. Ba5 c5 24. Nxc5 Qh1+ 25. Ke2 Bf3+ 26. Kd2 Bxd1 27. Rxd1
Qc6 28. Nd3 f6 29. Rc1 Qa8 30. Qd6 Kf7 31. Nf4 Re8 32. Bc7 Re7 33. Nxe6 Rxe6
34. Qxd7+ Re7 35. Qd6 Qc8 36. Bd8 Red7 0-1

[Event "PARDUBICE OPEN  2007 "]
[Site "CEZ arena,  Pardubice  (CZE)"]
[Date "2007.07.22"]
[Round "3"]
[White "Smirnov, Artem"]
[Black "Holloway, Timo"]
[Result "1-0"]
[WhiteElo "2410"]
[BlackElo "2092"]
[PlyCount "67"]
[EventDate "2007.07.20"]

1. d4 Nf6 2. c4 e6 3. Nc3 Bb4 4. e3 b6 5. Nge2 Ba6 6. Ng3 h5 7. h4 Bb7 8. Bd2
Bd6 9. f4 Be7 10. e4 Ng4 11. Qf3 Nc6 12. Nce2 Bxh4 13. O-O-O Bxg3 14. Nxg3 Nxd4
15. Qxg4 g6 16. Qh3 Qf6 17. e5 Qe7 18. Bc3 Nf5 19. Nxf5 gxf5 20. Be1 Qc5 21.
Qh4 Rh6 22. Bf2 Qa5 23. Rh3 Rg6 24. Ra3 Qb4 25. Rg3 Rxg3 26. Bxg3 Be4 27. Qg5
d6 28. exd6 cxd6 29. Bh4 Kd7 30. Qe7+ Kc6 31. a3 Qc5 32. Bf2 Qxf2 33. Rxd6+ Kc5
34. b4# 1-0

[Event "PARDUBICE OPEN  2007 "]
[Site "CEZ arena,  Pardubice  (CZE)"]
[Date "2007.07.22"]
[Round "3"]
[White "Vorobiov, Evgeny E"]
[Black "Baryshpolets, Andriy"]
[Result "1-0"]
[WhiteElo "2572"]
[BlackElo "2307"]
[PlyCount "75"]
[EventDate "2007.07.20"]

1. e4 c5 2. Nf3 Nc6 3. d4 cxd4 4. Nxd4 Nf6 5. Nc3 d6 6. Bc4 e6 7. Bb3 Be7 8.
Be3 O-O 9. f4 Nxd4 10. Qxd4 Ng4 11. Bd2 e5 12. Qd3 exf4 13. Bxf4 Be6 14. Rf1
Ne5 15. Qe3 Nc4 16. Qe2 Rc8 17. O-O-O Qb6 18. Nd5 Bxd5 19. Rxd5 Na5 20. Kb1
Nxb3 21. axb3 Rfe8 22. Qd3 Rc6 23. Rf5 Bf6 24. Be3 Qc7 25. Rxf6 gxf6 26. Bd4
Re5 27. Rxf6 Rg5 28. Rf2 Rg6 29. h4 Qa5 30. Bc3 Qh5 31. g3 Qg4 32. Qd4 f6 33.
Qd5+ Kg7 34. h5 Rxc3 35. hxg6 Rc7 36. gxh7 Kxh7 37. Rxf6 Qxg3 38. Qh5+ 1-0

[Event "PARDUBICE OPEN  2007 "]
[Site "CEZ arena,  Pardubice  (CZE)"]
[Date "2007.07.22"]
[Round "3"]
[White "Huscherbeth, Niclas"]
[Black "Maslak, Konstantin"]
[Result "0-1"]
[WhiteElo "2306"]
[BlackElo "2548"]
[PlyCount "80"]
[EventDate "2007.07.20"]

1. e4 e6 2. d4 d5 3. Nc3 dxe4 4. Nxe4 Nd7 5. Nf3 Ngf6 6. Bd3 Nxe4 7. Bxe4 Nf6
8. Bg5 Qd6 9. Bxf6 gxf6 10. c3 f5 11. Bc2 Bd7 12. Qe2 O-O-O 13. O-O-O Bg7 14.
Rhe1 f6 15. g3 h5 16. d5 exd5 17. Nh4 Kb8 18. Ng6 Rh6 19. Nf4 c6 20. Nxh5 Bf8
21. Qf3 Be8 22. Nf4 Rxh2 23. Re6 Qc5 24. Nd3 Bh6+ 25. Kb1 Qb6 26. Rde1 Bd7 27.
Re7 Bf8 28. Qf4+ Ka8 29. Rf7 c5 30. Qf3 c4 31. Nf4 Ba3 32. b4 Bc6 33. Qe3 d4
34. Qe7 Rhh8 35. Ne6 d3 36. Bd1 Rc8 37. Qc5 Qxc5 38. Nxc5 a5 39. Nd7 Bxd7 40.
Rxd7 Rce8 0-1

[Event "PARDUBICE OPEN  2007 "]
[Site "CEZ arena,  Pardubice  (CZE)"]
[Date "2007.07.22"]
[Round "3"]
[White "Lerch, Patrice"]
[Black "Saric, Ante"]
[Result "1/2-1/2"]
[WhiteElo "2301"]
[BlackElo "2499"]
[PlyCount "71"]
[EventDate "2007.07.20"]

1. e4 c5 2. Nc3 Nc6 3. g3 g6 4. Bg2 Bg7 5. d3 d6 6. Be3 Nd4 7. Qd2 Qa5 8. f4
Nh6 9. h3 f5 10. Nf3 O-O 11. O-O e6 12. Rab1 Bd7 13. Qf2 Nxf3+ 14. Bxf3 Bc6 15.
g4 Rae8 16. Kh2 Qc7 17. Rbe1 fxg4 18. hxg4 g5 19. f5 d5+ 20. Kg2 d4 21. Bxg5
dxc3 22. bxc3 exf5 23. gxf5 Nf7 24. Bd2 Kh8 25. Rh1 Ne5 26. Rh5 Rg8 27. Rxh7+
Kxh7 28. Rh1+ Bh6+ 29. Kf1 Nf7 30. Bxh6 Nxh6 31. Rxh6+ Kxh6 32. Qh4+ Kg7 33.
f6+ Kf8 34. Qh6+ Rg7 35. Qh8+ Rg8 36. Qh6+ 1/2-1/2

[Event "PARDUBICE OPEN  2007 "]
[Site "CEZ arena,  Pardubice  (CZE)"]
[Date "2007.07.22"]
[Round "3"]
[White "Stachowiak, Kamil"]
[Black "Bosiocic, Marin"]
[Result "0-1"]
[WhiteElo "2301"]
[BlackElo "2496"]
[PlyCount "56"]
[EventDate "2007.07.20"]

1. d4 Nf6 2. Nf3 g6 3. g3 Bg7 4. Bg2 O-O 5. O-O d6 6. c4 Nbd7 7. Nc3 e5 8. h3
a6 9. dxe5 dxe5 10. Qc2 Qe7 11. e4 c6 12. a4 a5 13. b3 Re8 14. Ba3 Nc5 15. Ne1
Nfd7 16. Nd3 Bf8 17. Rad1 Qf6 18. Nxc5 Bxc5 19. Bb2 h5 20. Kh1 h4 21. f4 hxg3
22. fxe5 Qh4 23. e6 Ne5 24. Nd5 Rxe6 25. Nc7 Rd6 26. Bxe5 Bxh3 27. Bxg3 Qxg3
28. Nxa8 Bg4 0-1

[Event "PARDUBICE OPEN  2007 "]
[Site "CEZ arena,  Pardubice  (CZE)"]
[Date "2007.07.22"]
[Round "3"]
[White "Lamby, Philipp"]
[Black "Vasjukov, Evgeni"]
[Result "0-1"]
[WhiteElo "2291"]
[BlackElo "2486"]
[PlyCount "50"]
[EventDate "2007.07.20"]

1. d4 f5 2. Bg5 d5 3. c4 c6 4. cxd5 cxd5 5. Nc3 h6 6. Bh4 g5 7. e4 Bg7 8. Bg3
f4 9. h4 fxg3 10. Qh5+ Kf8 11. Qf3+ Nf6 12. e5 g4 13. Qf4 gxf2+ 14. Qxf2 Nc6
15. Bd3 Qb6 16. Nge2 Nxe5 17. dxe5 Qxf2+ 18. Kxf2 g3+ 19. Ke1 Ng4 20. Rf1+ Ke8
21. Nxd5 Bxe5 22. Nef4 e6 23. Nc3 Nf2 24. Bb5+ Bd7 25. Nxe6 Rc8 0-1

[Event "PARDUBICE OPEN  2007 "]
[Site "CEZ arena,  Pardubice  (CZE)"]
[Date "2007.07.22"]
[Round "3"]
[White "Klovans, Janis"]
[Black "Tuma, Jiri"]
[Result "0-1"]
[WhiteElo "2446"]
[BlackElo "2292"]
[PlyCount "136"]
[EventDate "2007.07.20"]

1. e4 e5 2. Nf3 Nc6 3. Bb5 a6 4. Ba4 Nf6 5. O-O b5 6. Bb3 Be7 7. Re1 d6 8. c3
O-O 9. h3 Na5 10. Bc2 c5 11. d4 Qc7 12. Nbd2 Nc6 13. d5 Nd8 14. Nf1 Ne8 15. Ng3
g6 16. Nh2 f6 17. f4 exf4 18. Bxf4 Nf7 19. Rf1 Ng7 20. Ng4 Bxg4 21. Qxg4 Rae8
22. a4 Qb7 23. Qd1 Bd8 24. Kh2 Bb6 25. b3 Ne5 26. axb5 axb5 27. Qe2 Bc7 28. Bh6
b4 29. cxb4 Qxb4 30. Ra7 Rf7 31. Rfa1 Bd8 32. R1a4 Rxa7 33. Rxb4 cxb4 34. Qb5
Ree7 35. Qxb4 Rab7 36. Qd2 Rec7 37. Ne2 Ra7 38. Nd4 Ra2 39. Nc6 Be7 40. b4 f5
41. Nxe7+ Rxe7 42. Qg5 Re8 43. Bd1 fxe4 44. Qc1 Nf5 45. Bg5 e3 46. Bg4 Nxg4+
47. hxg4 e2 48. Qe1 Ra1 49. Qxa1 e1=Q 50. Qxe1 Rxe1 51. gxf5 Rd1 52. fxg6 hxg6
53. Bf4 Rxd5 54. Kg3 Kf7 55. Kf3 Ke6 56. Ke4 Rd1 57. Be3 Rb1 58. Bd2 Rb2 59.
Kd3 Kd5 60. Kc3 Rb1 61. Bf4 Rf1 62. g3 Rf3+ 63. Kc2 Kc6 64. b5+ Kc5 65. b6 Rxf4
66. gxf4 Kxb6 67. Kd3 Kc5 68. Ke4 Kc4 0-1

[Event "PARDUBICE OPEN  2007 "]
[Site "CEZ arena,  Pardubice  (CZE)"]
[Date "2007.07.22"]
[Round "3"]
[White "Vokac, Marek"]
[Black "Pletnev, Evgeniy"]
[Result "1-0"]
[WhiteElo "2443"]
[BlackElo "2291"]
[PlyCount "123"]
[EventDate "2007.07.20"]

1. Nf3 d6 2. d4 f5 3. g3 Nf6 4. Bg2 g6 5. O-O Bg7 6. c3 O-O 7. Qb3+ Kh8 8. Nbd2
c6 9. a4 Qc7 10. Ng5 e5 11. dxe5 dxe5 12. Ne6 Bxe6 13. Qxe6 Na6 14. Qc4 e4 15.
Nb3 Nd5 16. Nd4 Rfe8 17. Nc2 Qe7 18. Be3 Nxe3 19. Nxe3 Qe5 20. Rad1 Rad8 21.
Qf7 Nc5 22. Nc4 Qe6 23. Qxe6 Nxe6 24. f3 exf3 25. exf3 Bf8 26. f4 Kg8 27. Bf3
Rxd1 28. Rxd1 Rd8 29. Re1 Nc5 30. a5 a6 31. Kf1 Nb3 32. Kg2 Nc5 33. Kf1 Nb3 34.
Rd1 Rxd1+ 35. Bxd1 Nc5 36. Bc2 Nd7 37. Ke2 Kf7 38. h3 h5 39. Kf3 Kf6 40. g4
hxg4+ 41. hxg4 fxg4+ 42. Kxg4 Be7 43. Nd2 Nc5 44. b4 Nd7 45. Bb3 Nf8 46. Ne4+
Kg7 47. Kf3 Kh6 48. Ke3 Kh5 49. Kd4 Kg4 50. Ke5 Kf3 51. Bd1+ Ke3 52. Bg4 Bd8
53. Nc5 Bc7+ 54. Kf6 Kd2 55. Na4 Bxf4 56. Bc8 g5 57. Kf5 c5 58. bxc5 Bc7 59.
Bxb7 Nd7 60. c6 Nb8 61. Nb6 Bd6 62. Nc4+ 1-0

[Event "PARDUBICE OPEN  2007 "]
[Site "CEZ arena,  Pardubice  (CZE)"]
[Date "2007.07.22"]
[Round "3"]
[White "Neuman, Petr"]
[Black "Adnoy, Hallvard"]
[Result "1-0"]
[WhiteElo "2437"]
[BlackElo "2289"]
[PlyCount "119"]
[EventDate "2007.07.20"]

1. e4 g6 2. d4 Bg7 3. c4 d6 4. Nc3 e5 5. Nge2 Nc6 6. Be3 Nh6 7. d5 Ne7 8. f3 f5
9. Qd2 Nf7 10. Nc1 c5 11. Nd3 Bd7 12. Be2 b6 13. b4 f4 14. Bf2 g5 15. a4 a5 16.
bxc5 dxc5 17. Nxc5 bxc5 18. Bxc5 O-O 19. Ba3 Ng6 20. c5 Nh4 21. Rg1 g4 22. c6
Qb6 23. O-O-O Bc8 24. Kc2 Ng5 25. Rb1 Qe3 26. Qxe3 fxe3 27. Be7 h6 28. d6 Be6
29. d7 gxf3 30. gxf3 Nhxf3 31. Bxf3 Nxf3 32. Bxf8 Rxf8 33. Rg6 Kf7 34. Rf1 Kxg6
35. Rxf3 Bf6 36. Kd3 Bxd7 37. cxd7 Rd8 38. Nd5 Bg5 39. Nb6 Bf4 40. h3 Kf7 41.
Rf1 Ke7 42. Rg1 Bg5 43. Ke2 Rb8 44. Rb1 Kd8 45. Rb5 Rb7 46. Kd3 Be7 47. Nc4
Rxd7+ 48. Rd5 Rxd5+ 49. exd5 Kc7 50. Kxe3 Bf6 51. Ke4 Kd7 52. Nxa5 Kd6 53. Nc4+
Kc5 54. Nxe5 Kb4 55. d6 Kxa4 56. d7 Kb5 57. Nf7 Kc6 58. d8=Q Bxd8 59. Nxd8+ Kd7
60. Nf7 1-0

[Event "PARDUBICE OPEN  2007 "]
[Site "CEZ arena,  Pardubice  (CZE)"]
[Date "2007.07.22"]
[Round "3"]
[White "Maksimov, Yuri"]
[Black "Kadziolka, Beata"]
[Result "1/2-1/2"]
[WhiteElo "2436"]
[BlackElo "2287"]
[PlyCount "65"]
[EventDate "2007.07.20"]

1. d4 f5 2. Bg5 g6 3. c4 Bg7 4. Nc3 Nf6 5. Bxf6 Bxf6 6. e4 d6 7. Bd3 e6 8. Nf3
O-O 9. Qd2 Nc6 10. Bc2 a6 11. d5 fxe4 12. Nxe4 Ne5 13. Nxe5 Bxe5 14. O-O Bxb2
15. Rab1 Bg7 16. Ba4 Qh4 17. f4 e5 18. g3 Qh5 19. Bd1 Bg4 20. Ng5 Bxd1 21. Qxd1
Qxd1 22. Rfxd1 b6 23. Ne6 Rf7 24. Nxg7 Kxg7 25. fxe5 dxe5 26. d6 cxd6 27. Rxd6
Rc8 28. Rdxb6 Rxc4 29. Rb7 Ra4 30. R7b6 e4 31. Kg2 Rc7 32. R1b2 Rf7 33. Re2
1/2-1/2

[Event "PARDUBICE OPEN  2007 "]
[Site "CEZ arena,  Pardubice  (CZE)"]
[Date "2007.07.22"]
[Round "3"]
[White "Karasik, Evgeny"]
[Black "Shtyrenkov, Veniamin"]
[Result "1/2-1/2"]
[WhiteElo "2286"]
[BlackElo "2435"]
[PlyCount "43"]
[EventDate "2007.07.20"]

1. e4 e6 2. d4 d5 3. e5 c5 4. c3 Bd7 5. Nf3 Nc6 6. a3 c4 7. Nbd2 Na5 8. h4 Ne7
9. g3 Nc8 10. Bh3 Nb6 11. O-O Ba4 12. Qe2 Be7 13. Ne1 h5 14. Rb1 Kd7 15. Ndf3
Qg8 16. Ng5 Bxg5 17. Bxg5 Qh7 18. Rc1 Nb3 19. Rd1 Na5 20. Ra1 Nb3 21. Rd1 Na5
22. Rc1 1/2-1/2

[Event "PARDUBICE OPEN  2007 "]
[Site "CEZ arena,  Pardubice  (CZE)"]
[Date "2007.07.22"]
[Round "3"]
[White "Furman, Boris"]
[Black "Lovkov, Roman"]
[Result "0-1"]
[WhiteElo "2279"]
[BlackElo "2435"]
[PlyCount "58"]
[EventDate "2007.07.20"]

1. d4 Nf6 2. c4 g6 3. Nc3 Bg7 4. Bg5 h6 5. Bh4 c5 6. d5 d6 7. e3 O-O 8. Nf3 Na6
9. Nd2 Nc7 10. Be2 Rb8 11. O-O a6 12. f4 b5 13. Qc2 bxc4 14. Bxc4 Nb5 15. Rae1
Re8 16. a4 Nxc3 17. bxc3 Qa5 18. e4 Nd7 19. e5 Nb6 20. f5 Bxf5 21. Rxf5 gxf5
22. Qxf5 Nxc4 23. Nxc4 Qxc3 24. e6 Rf8 25. Ne3 Rb4 26. g4 fxe6 27. Qxe6+ Kh8
28. Qxe7 Qe5 29. Qd7 Rb1 0-1

[Event "PARDUBICE OPEN  2007 "]
[Site "CEZ arena,  Pardubice  (CZE)"]
[Date "2007.07.22"]
[Round "3"]
[White "Morawietz, Dieter"]
[Black "Borisova, Elizaveta"]
[Result "1-0"]
[WhiteElo "2425"]
[BlackElo "2285"]
[PlyCount "61"]
[EventDate "2007.07.20"]

1. e4 c5 2. Nf3 d6 3. d4 cxd4 4. Nxd4 Nf6 5. Nc3 g6 6. Be3 Bg7 7. f3 O-O 8. Qd2
Nc6 9. Bc4 Bd7 10. Bb3 Na5 11. h4 Qc7 12. Bh6 Nc4 13. Bxc4 Qxc4 14. O-O-O b5
15. h5 b4 16. Nd5 Nxd5 17. Bxg7 Kxg7 18. exd5 Qxa2 19. Nb3 Bf5 20. Qxb4 Rfc8
21. Nd4 Rxc2+ 22. Nxc2 Rc8 23. Kd2 Rxc2+ 24. Ke3 Rxb2 25. h6+ Kg8 26. Rd2 Qb3+
27. Qxb3 Rxb3+ 28. Kf2 a5 29. Rc1 f6 30. Rc7 a4 31. Re2 1-0

[Event "PARDUBICE OPEN  2007 "]
[Site "CEZ arena,  Pardubice  (CZE)"]
[Date "2007.07.22"]
[Round "3"]
[White "Rudolf, Anna"]
[Black "Ostrovskiy, Andrey"]
[Result "0-1"]
[WhiteElo "2275"]
[BlackElo "2417"]
[PlyCount "64"]
[EventDate "2007.07.20"]

1. e4 e5 2. Nf3 Nc6 3. Bc4 Nf6 4. d3 h6 5. c3 d6 6. Bb3 g6 7. Nbd2 Bg7 8. O-O
O-O 9. Nc4 Be6 10. Re1 Re8 11. a4 a5 12. h3 Qd7 13. Be3 Rad8 14. Qc2 Qc8 15.
Rad1 b6 16. d4 Nxe4 17. d5 Bf5 18. Qc1 Ne7 19. Bxh6 Nc5 20. Bxg7 Kxg7 21. Bc2
Bxh3 22. Ne3 Bd7 23. Qa1 Bg4 24. Nxg4 Qxg4 25. Re3 Nf5 26. Bxf5 Qxf5 27. b4 Nd7
28. Qa2 Nf6 29. c4 Rh8 30. Kf1 axb4 31. Rb1 Rh1+ 32. Ng1 Ng4 0-1

[Event "PARDUBICE OPEN  2007 "]
[Site "CEZ arena,  Pardubice  (CZE)"]
[Date "2007.07.22"]
[Round "3"]
[White "Chudinovskikh, Alexsander"]
[Black "Kniest, Oliver"]
[Result "1-0"]
[WhiteElo "2417"]
[BlackElo "2274"]
[PlyCount "31"]
[EventDate "2007.07.20"]

1. e4 e5 2. Nf3 Nc6 3. Bc4 Bc5 4. c3 Nf6 5. d3 d6 6. Bb3 a6 7. Nbd2 Ba7 8. O-O
O-O 9. h3 h6 10. Nc4 Be6 11. Ne3 Ne7 12. Nh4 d5 13. Qf3 dxe4 14. dxe4 Bxb3 15.
axb3 Qd3 16. Nd5 1-0

[Event "PARDUBICE OPEN  2007 "]
[Site "CEZ arena,  Pardubice  (CZE)"]
[Date "2007.07.22"]
[Round "3"]
[White "Schuh, Dirk"]
[Black "Plachetka, Jan"]
[Result "1-0"]
[WhiteElo "2275"]
[BlackElo "2414"]
[PlyCount "63"]
[EventDate "2007.07.20"]

1. e4 e5 2. Nc3 Nf6 3. Nf3 Nc6 4. a3 d6 5. d4 Bg4 6. Bb5 exd4 7. Qxd4 Be7 8.
Bxc6+ bxc6 9. h3 Be6 10. Bf4 d5 11. Ne5 dxe4 12. Nxc6 Qxd4 13. Nxd4 Bd6 14.
Nxe6 fxe6 15. Bd2 O-O 16. O-O-O Rab8 17. Rhe1 Rb6 18. Nxe4 Nxe4 19. Rxe4 Rxf2
20. Be3 Re2 21. Bxb6 Rxe4 22. Bxa7 Re2 23. g4 Bf4+ 24. Kb1 e5 25. Bc5 Bd2 26.
Rf1 g5 27. c3 e4 28. a4 Bf4 29. a5 e3 30. a6 Rd2 31. a7 Rd8 32. Kc2 1-0

[Event "PARDUBICE OPEN  2007 "]
[Site "CEZ arena,  Pardubice  (CZE)"]
[Date "2007.07.22"]
[Round "3"]
[White "Kanovsky, David"]
[Black "Grandelius, Nils"]
[Result "1/2-1/2"]
[WhiteElo "2410"]
[BlackElo "2271"]
[PlyCount "56"]
[EventDate "2007.07.20"]

1. e4 c5 2. Nf3 d6 3. d4 cxd4 4. Nxd4 Nf6 5. Nc3 a6 6. Bg5 e6 7. f4 Be7 8. Qf3
Qc7 9. O-O-O Nbd7 10. Bd3 h6 11. Bh4 g5 12. fxg5 Ne5 13. Qe2 Nfg4 14. h3 hxg5
15. Bg3 Nf6 16. Rhf1 Bd7 17. Kb1 O-O-O 18. Qe3 g4 19. Bf4 gxh3 20. gxh3 Rdg8
21. Nb3 Rh7 22. Rf2 Be8 23. Bf1 Nh5 24. Bh2 Rhg7 25. Qa7 Qb8 26. Qb6 Qc7 27.
Qa7 Qb8 28. Qb6 Qc7 1/2-1/2

[Event "PARDUBICE OPEN  2007 "]
[Site "CEZ arena,  Pardubice  (CZE)"]
[Date "2007.07.22"]
[Round "3"]
[White "Gorovykh, Eduard"]
[Black "Smith, Axel"]
[Result "1-0"]
[WhiteElo "2409"]
[BlackElo "2271"]
[PlyCount "69"]
[EventDate "2007.07.20"]

1. e4 c5 2. Nf3 Nc6 3. d4 cxd4 4. Nxd4 Nf6 5. Nc3 e5 6. Ndb5 d6 7. Bg5 a6 8.
Na3 b5 9. Nd5 Be7 10. Bxf6 Bxf6 11. c4 b4 12. Nc2 a5 13. g3 O-O 14. h4 Kh8 15.
Bh3 Bxh3 16. Rxh3 Qd7 17. g4 Bd8 18. Qe2 Rb8 19. b3 Bb6 20. Nxb6 Rxb6 21. Rd1
Qc7 22. Rhd3 Ne7 23. Ne3 Rd8 24. Qd2 f6 25. f3 Kg8 26. Nd5 Nxd5 27. Rxd5 Rc6
28. Rb5 Ra8 29. Qd5+ Kf8 30. g5 Ke7 31. gxf6+ Kxf6 32. Ke2 g6 33. h5 g5 34. h6
Rca6 35. Rb7 1-0

[Event "PARDUBICE OPEN  2007 "]
[Site "CEZ arena,  Pardubice  (CZE)"]
[Date "2007.07.22"]
[Round "3"]
[White "Mankeyev, Rauan"]
[Black "Jedlicka, Ales"]
[Result "1-0"]
[WhiteElo "2402"]
[BlackElo "2265"]
[PlyCount "49"]
[EventDate "2007.07.20"]

1. d4 d5 2. c4 c6 3. Nc3 Nf6 4. Nf3 a6 5. c5 Nbd7 6. Bf4 Nh5 7. Bd2 g6 8. e4
dxe4 9. Nxe4 Bg7 10. Bc4 Ndf6 11. Qe2 Nxe4 12. Qxe4 Nf6 13. Qe2 O-O 14. h3 Nd5
15. O-O b5 16. Bb3 e6 17. Bg5 Qc7 18. Bh4 a5 19. Bg3 Qd8 20. Ne5 Ne7 21. Rfd1
Ba6 22. Bh4 Rc8 23. Nxf7 Rxf7 24. Qxe6 Qf8 25. Bxe7 1-0